01386nam a2200265Ia 450000500170000000800410001702000150005810000320007324500560010525000190016130000500018049000340023050504940026465000390075865000490079765000320084665000360087865000390091426400330095333600270098633700330101333800280104604000350107408400110110920220317000751.0160601s2004 ck a g 000 0 spa  a95842102701 aMedina Reyes, Efraind1964-10aSexualidad de la Pantera Rosa cEfraim Medina Reyes a1a. edición  a334 páginas bilustraciones en colorc23 cm aSeix BarralaBiblioteca breve aNinfas y sirvientas -- Classic fatness (Elodies´s blues) -- Miedo a la mente -- Classic hero (El animal más peligroso) -- La forma del vacío -- Classic woman (Las chicas de fantomas) -- La archienenmiga de foucault -- Classic death (Lo que mató a Tom Jones -- ¿Que carajos son las regiones frías? -- Classic technic (Mister Bruce Lee) -- Flecha verde en París -- Classic Taylor (Extraños que se conocen mucho) -- Donde duermen las moscas -- Break on through to the other side142LEMBaNovela colombianaySiglo XX 142LEMBaNovela erótica colombianaySiglo XX 142LEMBaLiteratura colombiana142LEMBaErotismo en la literatura142LEMB aSexualidad en la literatura aBogotá bSeix Barralc2004 atextobtxt2rdacontent asin mediaciónbn2rdamedia avolumenbnc2rdacarrier aCO-BoRNBPbspaerdacCO-BoRNBP aN MED2